000 01027cam a2200277 a 4500
999 _c16583
_d16581
001 32608
003 OSt
005 20210614121256.0
008 951120s1996 njua b 000 0 eng
020 _a0131044567
040 _aDLC
_cDDC
_dDLC
043 _an-us---
050 0 0 _aLB2343.32
_b.U73 1996
082 0 0 _aR/378.198.URB
_220
100 _4Robert, C, DE Lucia
245 0 0 _aUrban learners :
_bserious about college success /
_cedited by Robert C. DeLucia.
260 _aUpper Saddle River, NJ :
_bPrentice Hall,
_cc1996.
300 _ax, 261 p. :
_bill. ;
_c28 cm.
504 _aIncludes bibliographical references.
600 _2Robert C. DE. Lucia
650 0 _aCollege student orientation
_zUnited States.
650 0 _aUrban universities and colleges
_zUnited States.
650 0 _aStudy skills
_zUnited States.
700 1 _aDe Lucia, Robert C.
906 _a7
_bcbc
_corignew
_d1
_eocip
_f19
_gy-gencatlg
942 _2ddc
_cBK